000 01120nam a2200265 i 4500
003 DO-SdBNP
005 20260513091936.0
007 ta
008 260513e2025 dr ||||gr|||||||| ||spa d
020 _a9789945296488
040 _aDO-SdBNP
_bspa
_cBNPHU
_erda
041 _aspa
082 _bR788a 2025
_222
100 _aRosa a A., Germán De la
_989544
_eautor
245 _aAbrazando la finitud /
_cGermán A. De La Rosa.
264 _aSanto Domingo, República Dominicana :
_bProyectotripode Ediciones,
_c2025.
300 _a237 páginas ;
_c21.5 x 14 cm.
336 _atexto
_btxt
_2rdacontent
337 _asin mediación
_bn
_2rdamedia
338 _avolumen
_bnc
_2rdacarrier
520 _aEste libro no debería existir… Para escribirlo, la mujer que amé durante cincuenta y un años tuvo que morir. Sharon, mi esposa, mi cómplice y mi corazón valiente, partió el 28 de septiembre de 2024. Lo que quedó fue un cráter en el alma y una necesidad urgente... poner en palabras lo que nadie me dijo que tendría que vivir.
590 _aInventariado, 2026/WG.
900 _aWGuzmán
942 _2ddc
_cLBS1
999 _c60725
_d60725